LEADER 00865nam a2200229 i 4500 001 991001908189707536 005 20020503154827.0 008 010104s1939 it ||| | ita 035 $ab10289690-39ule_inst 035 $aEXGIL93493$9ExL 040 $aBiblioteca Interfacoltà$bita 082 0 $a195 100 1 $aRenzi, Giuseppe$0465768 245 10$aAutobiografia intellettuale; La mia filosofia ; Testamento filosofico /$cGiuseppe Rensi 260 $aMilano :$bCorbaccio,$c1939 300 $a224 p. 907 $a.b10289690$b02-04-14$c27-06-02 912 $a991001908189707536 945 $aLE002 Fil. VII E 20$g1$i2002000523976$lle002$o-$pE0.00$q-$rl$s- $t0$u1$v0$w1$x0$y.i1034259x$z27-06-02 996 $aAutobiografia intellettuale; La mia filosofia ; Testamento filosofico$9210098 997 $aUNISALENTO 998 $ale002$b01-01-01$cm$da $e-$fita$git $h0$i1